000
00191 a2200097 4500
001
1590
100
_a
Zapffe, C.A
245
_a
Stainless steels
260
_a
_b
A.S.M
_c
090
_c
1128
_d
1128
942
_a
NUST-CAE
_c
M
_c
1425
999
_c
236663
_d
236663